LEADER 01361nam a2200289 u 4500 001 000000005626 003 CaOOAMICUS 005 20070226104801.0 008 941010s1952 it u000 u ita u 035 $a10143693 040 $aCSt$bita$dPUL(R) 100 1 $aTassi, Ildefonso,$cO.S.B.,$d1914-$0(OLS)http://pul/name/5793 245 10$aLudovico Barbo (1381-1443) /$cIdelfonso Tassi. 260 $aRoma :$bEdizioni di Storia e Letteratura,$c1952. 300 $axvi, 179 p. ;$c26 cm 490 1 $aUomini e dottrine ;$v1 504 $aIncludes bibliographical references. 600 14$aBarbo, Ludovico,$cvesc. di Treviso,$d1382-1443.$0(OLS)http://pul/subject/5095 650 0$aBenedictines. Congregazione di S. Giustina$xHistory.$2//eng$0(OLS)http://pul/subject/5096 830 0$aUomini e dottrine ;$v1.$0(OLS)http://pul/title/8244 850 $aPUL 852 $aPUL$W1$xDP1 Fondo Maccarrone$y58$m1526 B 27$j7876$nBK-PRI$b $qFondi$B7876$CPULBib$Z2$F7876 $H $81 852 $aPUL$W1$xDP1 Fondo Pastorale$y55$mP2 E 40$j7877$nBK-PRI$b $qFondi$B7877$CPULBib$Z2$F7877 $HPUL3069 $81 941 1 $a1 961 $aINV: F. Maccarrone 996 $6245$aLudovico Barbo (1381-1443)$9(OLS)http://pul/title/8243 996 $6260$aRoma :$bEdizioni di Storia e Letteratura$9(OLS)http://pul/publisher/48123 LEADER 01487nam a2200337 a 4500 001 000000133564 003 CaOOAMICUS 005 20130412142023.0 008 130412s2005 inu u000 u eng r 020 $z0268037248* 020 $a978-0-268-03724-6 040 $aPUL$bita 082 04$a186.4 100 1 $aO'Rourke, Fran.$0(OLS)http://pul/name/86039 245 10$aPseudo-Dionysius and the metaphysics of Aquinas /$cby Fran O'Rourke. 260 $aNotre Dame (Indiana) :$bUniversity of Notre Dame Press,$cİ2005. 300 $axviii, 300 p. ;$c23 cm 504 $aBibliografia p. [277]-297. 600 04$aDionysius Areopagita,$dsec. V-VI.$0(OLS)http://pul/subject/7790 600 04$aThomas Aquinas,$cs.,$dc. 1225-1274$xMetafisica.$0(OLS)http://pul/subject/4817 850 $aPUL 852 $aPUL$W1$xSL Filosofia 3$y81$m186. 4 ROUFR 1$j153494$aRist. del 2010$qDDC 21$B153067$CPULBib$Z2$F153067 $H122173 $82 941 1 $a9 960 $aPseudo-Dionysius,$dsec. V-VI? $97790 960 $aDionigi Areopagita, pseudo,$dsec. V-VI$97790 996 $6020$z0268037248*$9(OLS)http://pul/number/152430 996 $6020$a978-0-268-03724-6$9(OLS)http://pul/number/152431 996 $6082$a186.4$9(OLS)http://pul/classification/110 996 $6245$aPseudo-Dionysius and the metaphysics of Aquinas$9(OLS)http://pul/title/168821 996 $6260$aNotre Dame (Indiana) :$bUniversity of Notre Dame Press$9(OLS)http://pul/publisher/55089